000 00302nam a2200145Ia 4500
100 _aKhurmi/R.S
942 _cBK
654 _amechanics
245 _aTextbook of Engineering mechanics
260 _bS.Chand & C0
_c2005
082 _a620.2
_bKHU
300 _a840
546 _aENGLISH
999 _c32600
_d32600